10 bài thực hành nhanh để xử lý slideshow trong powerpoint
שמור ב:
| מחבר ראשי: | |
|---|---|
| פורמט: | ספר |
| שפה: | Undetermined |
| יצא לאור: |
Thành phố Hồ Chí Minh
Thống kê
2004
|
| נושאים: | |
| תגים: |
הוספת תג
אין תגיות, היה/י הראשונ/ה לתייג את הרשומה!
|
| Thư viện lưu trữ: | Trung tâm Học liệu Trường Đại học Cần Thơ |
|---|
| LEADER | 00615nam a2200193Ia 4500 | ||
|---|---|---|---|
| 001 | CTU_64301 | ||
| 008 | 210402s9999 xx 000 0 und d | ||
| 020 | |b 19000 | ||
| 082 | |a 005.3 | ||
| 082 | |b T406 | ||
| 100 | |a Nguyễn, Đức Toàn | ||
| 245 | 0 | |a 10 bài thực hành nhanh để xử lý slideshow trong powerpoint | |
| 245 | 0 | |c Nguyễn, Đức Toàn | |
| 260 | |a Thành phố Hồ Chí Minh | ||
| 260 | |b Thống kê | ||
| 260 | |c 2004 | ||
| 650 | |a Powerpoint ( computer programs ) | ||
| 904 | |i Nguyên sửa | ||
| 980 | |a Trung tâm Học liệu Trường Đại học Cần Thơ | ||